| 000 | 00947nam a2200265 a 4500 | ||
|---|---|---|---|
| 005 | 20210223130705.0 | ||
| 008 | 081001s1990 mx r 000 0 spa d | ||
| 035 | _aUPN01000161760 | ||
| 049 | _aUNE | ||
| 080 | _a371,13: 37 =20=40 BAR. | ||
| 100 | 1 | _aBarkatoolah, Amima B.S. | |
| 245 | 1 | 0 |
_aLearning from experience : _ba new approach for teacher up-grading / _cAmina B.S. Barkatoolah. |
| 260 |
_aParis : _bUNESCO; _aRome : _bWFP; _aNueva York : _bUNICEF, _c1990. |
||
| 300 | _aPag. irreg. | ||
| 440 | 0 |
_aNotes, Comments...; _v190. |
|
| 500 | _aTexto en inglés y francés | ||
| 500 | _aIncluye bibliografía. | ||
| 690 | _aEnseñanza- Aprendizaje- Docentes- Formacion profesional | ||
| 690 | _aAprendizaje- Formacion profesional- Docentes | ||
| 690 | _aFormacion profesional- Docentes- Enseñanza- Aprendizaje | ||
| 710 | 2 |
_aUNICEF _924085 |
|
| 710 | 2 | _aUNESCO | |
| 710 | 2 | _aWFP. Programa de alimentación mundial. | |
| 905 | _aUNESCO | ||
| 999 |
_c133873 _d133873 |
||